अंतर्राष्ट्रीय संगठन / (Record no. 18265)

MARC details
000 -LEADER
fixed length control field 01191nam a22002537a 4500
005 - DATE AND TIME OF LATEST TRANSACTION
control field 20081111104613.0
008 - FIXED-LENGTH DATA ELEMENTS--GENERAL INFORMATION
fixed length control field 081111t xxu||||| |||| 00| 0 hin d
010 ## - LCCN (DPL NO)
LC control number HIN-84800
020 ## - INTERNATIONAL STANDARD BOOK NUMBER
International Standard Book Number 9788184551075
Terms of availability 600.00
035 ## - SYSTEM CONTROL NUMBER
System control number HN-57146
037 ## - SOURCE OF ACQUISITION
Source of stock number/acquisition DBAD / PUB
040 ## - CATALOGING SOURCE
Original cataloging agency DPL
Language of cataloging HN
082 ## - DEWEY DECIMAL CLASSIFICATION NUMBER
Classification number 341.23
100 ## - MAIN ENTRY--PERSONAL NAME
Personal name हरि सिंह
245 ## - TITLE STATEMENT
Title अंतर्राष्ट्रीय संगठन /
Statement of responsibility, etc हरि सिंह
246 ## - VARYING FORM OF TITLE
Title proper/short title Antarrashatriya sangthan
Remainder of title by Hari Singh
260 ## - PUBLICATION, DISTRIBUTION, ETC. (IMPRINT)
Place of publication, distribution, etc नई दिल्ली
Name of publisher, distributor, etc ओमेगा पब्लिकेशन्स
Date of publication, distribution, etc 2008
270 ## - ADDRESS
Address 4398/5, अंसारी रोड, दरियागंज
City नई दिल्ली
Postal code 110002
Telephone number 65901906
Electronic mail address omega_publications@yahoo.com
300 ## - PHYSICAL DESCRIPTION
Extent 295पृ
Dimensions 22सेमी (सजिल्द)
610 ## - SUBJECT ADDED ENTRY--CORPORATE NAME
Corporate name or jurisdiction name as entry element संयुक्त राष्ट्र संघ
610 ## - SUBJECT ADDED ENTRY--CORPORATE NAME
Corporate name or jurisdiction name as entry element United Nations
942 ## - ADDED ENTRY ELEMENTS (KOHA)
Source of classification or shelving scheme Dewey Decimal Classification
Item type Hindi Books
Call number suffix हरिसिं
Classification part 341.23
Holdings
Withdrawn status Lost status Source of classification or shelving scheme Damaged status Not for loan Collection code Home library Current library Date acquired Source of acquisition Cost, normal purchase price Total Checkouts Full call number Barcode Date last seen Copy number Cost, replacement price Koha item type
    Dewey Decimal Classification   Not For Loan Non-fiction D.B.Act.Division D.B.Act.Division 11/11/2008 DBAD / PUB 600.00   341.23 हरिसिं HN-57146 11/11/2008 1 600.00 Hindi Books

© Delhi Public Library
Hit Counter
free hit counter